Linear and nonlinear models to describe the lactation curve of Girolando cows (Registro n. 299811)
[ somente texto ]
| 000 -LÍDER | |
|---|---|
| fixed length control field | 03745nab a2200289 i 4500 |
| 003 - CÓDIGO MARC DA AGÊNCIA CATALOGADORA | |
| Campo de controle | BR-BrBNA |
| 005 - DATA E HORA DA ÚLTIMA ATUALIZAÇÃO | |
| Campo de controle | 20240528124100.0 |
| 008 - CAMPO DE TAMANHO FIXO | |
| fixed length control field | 240528b2022 bl.ar|pooa||| 00| 0 eng | |
| 040 ## - FONTE DA CATALOGAÇÃO | |
| Agência catalogadora | BR-BrBNA |
| Idioma da catalogação | eng |
| 072 ## - CATEGORIA AGRIS | |
| Código AGRIS | L01 |
| Código do objeto | 5214 |
| 100 ## - ENTRADA PRINCIPAL - NOME PESSOAL | |
| Nome pessoal | Rosa, Mírian |
| 100 ## - ENTRADA PRINCIPAL - NOME PESSOAL | |
| Nome pessoal | Fernandes, Tales Jesus |
| 100 ## - ENTRADA PRINCIPAL - NOME PESSOAL | |
| Nome pessoal | Lima, Kelly Pereira de |
| 100 ## - ENTRADA PRINCIPAL - NOME PESSOAL | |
| Nome pessoal | Meirelles, Sarah Laguna Conceição |
| 245 ## - TÍTULO PRINCIPAL | |
| Título principal | Linear and nonlinear models to describe the lactation curve of Girolando cows |
| 500 ## - NOTA GERAL | |
| Nota geral | <br/>Publicação on-line; 39 ref.; 3 tables; Summaries (En, Pt) |
| 942 ## - ADDED ENTRY ELEMENTS (KOHA) | |
| Koha item type | |
| 520 ## - NOTA DE RESUMO | |
| Nota de conteúdo | <br/><br/>Abstract – The objective of this work was to compare the main linear and<br/>nonlinear models used to describe lactation curves and to evaluate the<br/>nonlinearity of the nonlinear models, in order to obtain the most adequate<br/>model to describe the lactation curves of the Girolando breed. Data from 165<br/>lactations of 89 3/4 Holstein + 1/4 Gyr cows were used, and average yield was<br/>calculated every 20 days up to 310 days of lactation. Seventeen models of<br/>lactation curves available in the literature were compared. The selection of the<br/>best model was based on the curvature measures of Bates & Watts, the bias<br/>of Box, adjusted coefficient of determination, Akaike’s information criterion,<br/>and residual standard deviation. The linear model of Cobuci estimated a yield<br/>peak of 16.7 kg at 40 days of lactation, whereas the nonlinear model of Wood<br/>estimated a yield peak of 16.8 kg at 41 days of lactation and a persistence of<br/>6.82. Nonlinearity measures were the most appropriate for selecting the most<br/>suitable nonlinear model for the description of lactation curves. To describe<br/>the lactation curves of the Girolando breed, the most suitable linear model is<br/>that of Cobuci and the nonlinear model is that of Wood.<br/><br/><br/>Index terms: dairy cattle, milk yield, modeling, regression |
| 520 ## - NOTA DE RESUMO | |
| Nota de conteúdo | <br/><br/>Resumo – O objetivo deste trabalho foi comparar os principais modelos<br/>lineares e não lineares usados para descrever curvas de lactação e avaliar a não<br/>linearidade dos modelos não lineares, para obter o modelo mais adequado para<br/>a descrição das curvas de lactação da raça Girolando. Foram utilizados dados<br/>de 165 lactações de 89 vacas 3/4 Holandesas + 1/4 Gir, tendo-se calculado a<br/>produção média a cada 20 dias até 310 dias de lactação. Foram comparados 17<br/>modelos de curvas de lactação disponíveis na literatura. A seleção do melhor<br/>modelo foi feita com base nas medidas de curvatura de Bates & Watts, no vício<br/>de Box, no coeficiente de determinação ajustado, no critério de informação<br/>de Akaike e no desvio-padrão residual. O modelo linear de Cobuci estimou<br/>um pico de produção de 16,7 kg aos 40 dias de lactação, enquanto o modelo<br/>não linear de Wood estimou um pico de produção de 16,8 kg aos 41 dias<br/>de lactação e persistência de 6,82. As medidas de não linearidade foram as<br/>mais adequadas para selecionar o modelo não linear mais adequado para a<br/>descrição das curvas de lactação. Para descrever as curvas de lactação da raça<br/>Girolando, o modelo linear mais adequado é o de Cobuci e o não linear é o<br/>de Wood.<br/><br/><br/>Termos para indexação: gado leiteiro, produção de leite, modelagem,<br/>regressão. |
| 650 ## - ASSUNTO - THESAGRO | |
| Cabeçalho tópico ou nome geográfico | GADO LEITEIRO |
| 650 ## - ASSUNTO - THESAGRO | |
| Cabeçalho tópico ou nome geográfico | CRUZAMENTO |
| 650 ## - ASSUNTO - THESAGRO | |
| Cabeçalho tópico ou nome geográfico | LACTAÇÃO |
| 650 ## - ASSUNTO - THESAGRO | |
| Cabeçalho tópico ou nome geográfico | PRODUÇÃO ANIMAL |
| 773 0# - ENTRADA ANALÍTICA | |
| Host Biblionumber | 920 |
| Registro do item | 25802 |
| Imprenta | Brasília-DF Empresa Brasileira de Pesquisa Agropecuária - EMBRAPA 1966- |
| Outro identificador | 2023-436358 |
| Título | Pesquisa Agropecuária Brasileira (Brazil) |
| ISSN | 0100-204X |
| Colação | v. 57 p. 1-9; (2022) |
| Número de controle de registro | BR2024001243 |
| 856 ## - ACESSO E ENDEREÇO ELETRÔNICO | |
| Identificador uniforme de recurso - URI | https://www.scielo.br/j/pab/a/Svjb3wxvsyMmLYtzjsFV8Ny/?format=pdf&lang=en |
Nenhum exemplar disponível.

BINAGRI